[Event "IECG C1.1999.0.00216"]
[Site "IECG email"]
[Date "1999.06.18"]
[Round "?"]
[White "Dundar, Gokhan"]
[Black "Brito Loeza, Carlos"]
[Result "1/2-1/2"]
[WhiteElo "1900"]
[BlackElo "1966"]
[PlyCount "44"]
[EventDate "1999.06.18"]
[EventType "tourn (corr)"]
[EventRounds "6"]
[SourceTitle "Corr 2008"]
[Source "ChessBase"]
[SourceDate "2008.06.24"]
[SourceVersion "1"]
[SourceVersionDate "2008.06.24"]
[SourceQuality "1"]

1. d4 Nf6 2. c4 g6 3. Nc3 Bg7 4. e4 d6 5. Nf3 0-0 6. Be2 e5 7. 0-0 Nc6 8. dxe5 dxe5 9. Bg5 Qxd1 10. Raxd1 Bg4 11. Rd2 Bxf3 12. Bxf3 Nd4 13. Rfd1 c6 14. Be3 c5 15. Kh1 Rad8 16. Be2 h6 17. a3 Rd6 18. Bf1 Rfd8 19. b4 Ra6 20. bxc5 Rxa3 21. Nb5 Rb3 22. Bxd4 exd4 1/2-1/2

[Event "IECG C1.1999.0.00216"]
[Site "IECG email"]
[Date "1999.06.18"]
[Round "?"]
[White "Dundar, Gokhan"]
[Black "Schormann, Conrad"]
[Result "1-0"]
[WhiteElo "1900"]
[BlackElo "2105"]
[PlyCount "41"]
[EventDate "1999.06.18"]
[EventType "tourn (corr)"]
[EventRounds "6"]
[SourceTitle "Corr 2008"]
[Source "ChessBase"]
[SourceDate "2008.06.24"]
[SourceVersion "1"]
[SourceVersionDate "2008.06.24"]
[SourceQuality "1"]

1. d4 d5 2. Nf3 Nf6 3. Bf4 c5 4. dxc5 e6 5. b4 a5 6. Nc3 axb4 7. Nb5 Na6 8. Nd6+ Bxd6 9. cxd6 0-0 10. Qd4 Ne4 11. e3 Nxd6 12. Bd3 f6 13. Bg3 b6 14. 0-0 Bb7 15. Rfd1 Ne4 16. Bxe4 dxe4 17. Qb2 Qc8 18. Ne1 e5 19. a3 Qc4 20. Rdb1 Rfd8 21. axb4 1-0

[Event "IECG C1.1999.0.00216"]
[Site "IECG email"]
[Date "1999.06.18"]
[Round "?"]
[White "Miraglia, Jorge"]
[Black "Dundar, Gokhan"]
[Result "1/2-1/2"]
[WhiteElo "2156"]
[BlackElo "1900"]
[PlyCount "123"]
[EventDate "1999.06.18"]
[EventType "tourn (corr)"]
[EventRounds "6"]
[SourceTitle "Corr 2008"]
[Source "ChessBase"]
[SourceDate "2008.06.24"]
[SourceVersion "1"]
[SourceVersionDate "2008.06.24"]
[SourceQuality "1"]

1. e4 e5 2. Bc4 Nf6 3. Nc3 Bb4 4. Nf3 d6 5. 0-0 Bxc3 6. dxc3 0-0 7. Bg5 h6 8. Bh4 Be6 9. Bd3 Nbd7 10. Nd2 Nc5 11. a4 a5 12. b3 Qe7 13. Re1 g5 14. Bg3 Ne8 15. Bc4 f5 16. exf5 Rxf5 17. f3 Ng7 18. Bf2 b6 19. Bxc5 bxc5 20. Bxe6+ Nxe6 21. Ne4 Rff8 22. Qd2 Rae8 23. Rad1 Rb8 24. Re3 Qf7 25. Rde1 Ng7 26. c4 Nf5 27. Rc3 Nd4 28. Ng3 Qg6 29. Ne2 Qf5 30. Rf1 Rf6 31. Rd3 Rbf8 32. Nxd4 cxd4 33. Qxa5 c5 34. Qe1 g4 35. Rd2 Qg5 36. f4 exf4 37. Rdf2 f3 38. gxf3 gxf3+ 39. Kh1 Qe3 40. Qd1 R8f7 41. a5 Kh7 42. Qd3+ Qxd3 43. cxd3 Kg6 44. h3 Ra7 45. Rg1+ Kh5 46. Ra1 Kg5 47. Kh2 h5 48. Rg1+ Kf4 49. Re1 Rxa5 50. Re4+ Kg5 51. h4+ Kg6 52. Kg3 Ra3 53. Rf4 Rxb3 54. R2xf3 Re6 55. Kh3 Rb8 56. Rg3+ Kh6 57. Rf7 Rg6 58. Rgf3 Rd8 59. Kh2 d5 60. cxd5 Rxd5 61. Re7 Rdd6 62. Re8 1/2-1/2